000 02519cam a2200625 i 4500
001 5974
003 FISKH
005 20250218090256.0
008 200515t20152007nyuab d 000 1 eng d
010 _a 2020286551
020 _a9781481455923
_c$18.50
020 _a1481455923
_q(repackaged paperback)
020 _a9781481470308
_q(paperback)
020 _a1481470302
_q(paperback)
020 _a9780606377317
020 _a060637731X
035 _a(OCoLC)ocn903511077
040 _aYDXCP
_beng
_cYDXCP
_erda
_dOCLCQ
050 _aPZ7.C5265
082 _a813.6
100 1 _aClare, Cassandra,
_eauthor.
245 1 0 _aCity of bones :
_bThe mortal instruments /
_cCassandra Clare.
250 _aMargaret K. McElderry books paperback edition.
260 _aNew York :
_bMargaret K. McElderry Books,
_c2015.
300 _a485 pages :
_billustrations ;
_c21 cm.
336 _atext
_btxt
_2rdacontent
337 _aunmediated
_bn
_2rdamedia
338 _avolume
_bnc
_2rdacarrier
490 1 _aThe mortal instruments ;
_vbook 1
500 _a"A Shadowhunters novel"-- Cover.
500 _aOriginally published: 2007. With new foreword, new map and bonus story When midnight comes as well as excerpts from City of ashes, Clockwork angel and Lady Midnight.
520 _aSuddenly able to see demons and the Darkhunters who are dedicated to returning them to their own dimension, fifteen-year-old Clary Fray is drawn into this bizarre world when her mother disappears and Clary herself is almost killed by a monster.
650 0 _aTeenage girls
_vJuvenile fiction.
650 0 _aDemonology
_vJuvenile fiction.
650 1 _aDemonology
_vFiction.
650 1 _aSupernatural
_vFiction.
650 7 _aDemonology.
_2fast
_0(OCoLC)fst00890199
650 7 _aTeenage girls.
_2fast
_0(OCoLC)fst01145412
650 7 _aSupernatural
_vFiction.
_2sears
650 7 _aDemonology
_vFiction.
_2sears
650 7 _aTeenage girls
_vFiction.
_2sears
655 0 _aYoung adult fiction.
655 4 _aHorror fiction.
655 7 _aFiction.
_2fast
_0(OCoLC)fst01423787
655 7 _aHorror fiction.
_2fast
_0(OCoLC)fst01921684
655 7 _aJuvenile works.
_2fast
_0(OCoLC)fst01411637
655 7 _aParanormal fiction.
_2fast
_0(OCoLC)fst01921727
655 7 _aYoung adult works.
_2fast
_0(OCoLC)fst01726790
655 7 _aHorror fiction.
_2gsafd
655 7 _aParanormal fiction.
_2lcgft
655 7 _aHorror fiction.
_2lcgft
906 _a7
_bcbc
_ccopycat
_d2
_encip
_f20
_gy-gencatlg
942 _2ddc
_cBK
_n0
999 _c5974
_d5974